Quiz Moon Pluto - Statistics

General Stats
  • This quiz has been taken 108 times
  • The average score is 4 of 5
Answer Stats
Moons Of Pluto Answer % Correct
The largest moon on pluto Charon
96%
Has a diameter of 49.8 km Nix
87%
Found on July 12, 2012 Styx
84%
It is the second largest moon of Pluto Hydra
76%
The smallest moon in Pluto Kerberos
69%
No matching quizzes found
Score Distribution
Percent of People with Each Score
Percentile by Number Answered
Your Score History
You have not taken this quiz